The Methodist heritage. (Record no. 4039)
[ view plain ]
| 000 -LEADER | |
|---|---|
| fixed length control field | 00653cam a22002411a 4500 |
| 001 - CONTROL NUMBER | |
| control field | 0000004185 |
| 003 - CONTROL NUMBER IDENTIFIER | |
| control field | OSt |
| 005 - DATE AND TIME OF LATEST TRANSACTION | |
| control field | 20140825164203.0 |
| 008 - FIXED-LENGTH DATA ELEMENTS--GENERAL INFORMATION | |
| fixed length control field | 870815s1951 enkc b 00000 eng d |
| 035 ## - SYSTEM CONTROL NUMBER | |
| System control number | 02190080 |
| 040 ## - CATALOGING SOURCE | |
| Original cataloging agency | MnSLN |
| Transcribing agency | MnSLN |
| Modifying agency | PUL |
| 050 ## - LIBRARY OF CONGRESS CALL NUMBER | |
| Classification number | BX8352 |
| Item number | .C3 1951 |
| 100 10 - MAIN ENTRY--PERSONAL NAME | |
| Personal name | Carter, Henry, |
| Dates associated with a name | 1874-. |
| 245 14 - TITLE STATEMENT | |
| Title | The Methodist heritage. |
| 260 0# - PUBLICATION, DISTRIBUTION, ETC. (IMPRINT) | |
| Place of publication, distribution, etc | London : |
| Name of publisher, distributor, etc | Epworth, |
| Date of publication, distribution, etc | [1960, 1951] |
| 300 ## - PHYSICAL DESCRIPTION | |
| Extent | xiv, 246 p. : |
| Other physical details | ports. ; |
| Dimensions | 23 cm. |
| 504 ## - BIBLIOGRAPHY, ETC. NOTE | |
| Bibliography, etc | Bibliography: p. xiv. |
| 600 20 - SUBJECT ADDED ENTRY--PERSONAL NAME | |
| Personal name | Methodist Church |
| Numeration | (GREAT BRITAIN) |
| 650 00 - SUBJECT ADDED ENTRY--TOPICAL TERM | |
| Topical term or geographic name as entry element | Methodism |
| General subdivision | History. |
| 650 00 - SUBJECT ADDED ENTRY--TOPICAL TERM | |
| Topical term or geographic name as entry element | Ecumenical movement. |
| 908 ## - PUT COMMAND PARAMETER (RLIN) | |
| Put command parameter | 050322 |
| 942 ## - ADDED ENTRY ELEMENTS (KOHA) | |
| Source of classification or shelving scheme | Library of Congress Classification |
| Koha item type | General circulation books |
| Withdrawn status | Lost status | Source of classification or shelving scheme | Damaged status | Not for loan | Home library | Current library | Date acquired | Source of acquisition | Total Checkouts | Full call number | Barcode | Date last seen | Price effective from | Koha item type |
|---|---|---|---|---|---|---|---|---|---|---|---|---|---|---|
| Library of Congress Classification | Presbyterian University of East Africa - Main Library | Presbyterian University of East Africa - Main Library | 26/12/2012 | Donation | BX8352 .C3 1951 | 020010004062 | 26/12/2012 | 26/12/2012 | General circulation books |
